Recurrent expenditure requirements of capital projects estimation for budget purposes (Record no. 289016)

000 -LEADER
fixed length control field 00461cam a22001337a 4500
008 - FIXED-LENGTH DATA ELEMENTS--GENERAL INFORMATION
fixed length control field 180718b2002 xxu||||| |||| 00| 0 eng d
100 ## - MAIN ENTRY--PERSONAL NAME
Personal name Hood, Ronald
245 ## - TITLE STATEMENT
Title Recurrent expenditure requirements of capital projects estimation for budget purposes
Statement of responsibility, etc. by Ronald Hood, David Husband and Fei Yu
260 ## - PUBLICATION, DISTRIBUTION, ETC.
Place of publication, distribution, etc. Washington, D.C.
Name of publisher, distributor, etc. World Bank
Date of publication, distribution, etc. 2002
300 ## - PHYSICAL DESCRIPTION
Extent 13p.
440 ## - SERIES STATEMENT/ADDED ENTRY--TITLE
Title Policy research working paper; 2938
700 ## - ADDED ENTRY--PERSONAL NAME
Personal name Yu, Fei
700 ## - ADDED ENTRY--PERSONAL NAME
Personal name Husband, David
Holdings
Withdrawn status Lost status Damaged status Not for loan Permanent Location Current Location Date acquired Barcode Date last seen Price effective from Koha item type
        Indian Institute of Public Administration Indian Institute of Public Administration 2003-03-31 WB9521 2018-07-20 2018-07-20 WB

Powered by Koha